000 00576nam a2200169 i 4500
001 76899
003 ES-MaACL
005 20230906173019.0
007 t|
008 041005s1932 sp ||||1| spa d
100 1 _aGurian, Waldemar.
_960979
245 1 3 _aEl bolchevismo
_b: estudio histórico y doctrinal /
_cWaldemar Gurian ; traducción directa del alemán por Emilio M. Martínez Amador.
260 _aBarcelona :
_b[s.n.],
_c1932 (
_fTalls. Gráficos Irandes)
300 _a324 p. ;
_c25 cm.
700 1 _aMartínez Amador, Emilio M.
_977852
852 _aES-MaACL
_jA-1036
999 _c76899
_d76899